000 01544cam a22004094i 4500
003 PE-LiUPU
005 20250731183407.0
008 171122s2014 sp a r0 000 0 eng d
020 _a9788494191527
035 _a(Sirsi) a240178
040 _aPE-LiUPU
_bspa
_cPE-LiUPU
_erda
041 1 _aeng
_hspa
049 _aPRUA
082 0 4 _a741.5946
_bW92
_221
100 1 _aTendero, Angel Luis,
_eautor.
245 1 0 _aALT comic book :
_bapproaching architecture /
_cwriter, penciller, inker and colorist, Angel Luis Tendero Martin; special colaboration, Bernardo Cummins Nogueira.
264 1 _aBarcelona :
_bArchitect Publications,
_c2014.
300 _asin números páginas :
_bilustraciones ;
_c21 centímetros
336 _atext
_2rdacontent
337 _aunmediated
_2rdamedia
338 _avolume
_2rdacarrier
505 0 _aALT comic book.
526 _aP158
526 _aP146
526 _aP17
526 _aP12
526 _aP06
526 8 _iPrograma académico :
_5PE-LiUPU
541 _g003-1760;
650 1 4 _aArquitectura
_vCómics, tiras, etc.
700 1 _aNogueira, Bernando Cummins,
_econsultant.
710 2 _aALT arquitectura.
910 _adbm
_bksl
_cksl
_d20171122
596 _a1
942 _2ddc
_cBOOK
999 _a741.5946 W92
_wLC
_c25839
_i77081
_d25839
_e2018-10-11
_f2021-11-10
_g4
_lCCODEBUL1
_mBUL
_n1
_p23.24
_q1
_r0
_sY
_tBOOK
_u2017-11-22
_xINGENIERIA
_PP06
_0COMPRA
_o.STAFF. Colección Ingeniería y Arquitectura
980 _81
_gALBERTO SANCHEZ Responsable de Automatización